[Event "American Continental"]
[Site "Buenos Aires ARG"]
[Date "2005.08.06"]
[Round "1"]
[White "Sosa Harrison,J"]
[Black "Lo Presti,R"]
[Result "1-0"]
[WhiteElo "2346"]
[BlackElo "2068"]
[EventDate "2005.08.06"]

1. Nf3 Nf6 2. b3 g6 3. Bb2 Bg7 4. g3 b6 5. Bg2 Bb7 6. O-O c5 7. c4 O-O 8.
Nc3 d6 9. d4 cxd4 10. Qxd4 Ne4 11. Qe3 Nxc3 12. Bxc3 Bxc3 13. Qxc3 Nd7 14.
Rfd1 Qc7 15. Qe3 Nf6 16. Rd4 Kg7 17. Rad1 Rae8 18. Rh4 h5 19. Rhd4 Qc5 20.
Qc3 a5 21. Ne1 Bxg2 22. Nxg2 e5 23. R4d3 Ne4 24. Qe1 Re6 25. Rd5 Qa3 26. f3
Nf6 27. Rb5 Rb8 28. Ne3 a4 29. Ra1 axb3 30. axb3 Qb2 31. Rd1 e4 32. f4 Ng4
33. Rd2 Qa3 34. Nc2 Qa8 35. e3 Nf6 36. Rd1 Ne8 37. Qc3+ f6 38. Rb4 Re7 39.
Ra4 Ra7 40. Rda1 Rxa4 41. Rxa4 Qb7 42. Qa1 Qd7 43. Ra8 Rxa8 44. Qxa8 f5 45.
Nd4 Nf6 46. Qb8 Ng4 47. Qxb6 Nxe3 48. Nb5 Nc2 49. Qf2 Nb4 50. Qd4+ Kh7 51.
Qxd6 Qxd6 52. Nxd6 Kg7 53. Kf2 Kf6 54. Nb5 Ke6 55. Ke3 Kd7 56. Kd4 Kc6 57.
Kc3 Kc5 58. Nc7 Na2+ 59. Kd2 Kb4 60. Nd5+ Kxb3 61. c5 Kc4 62. c6 1-0

[Event "American Continental"]
[Site "Buenos Aires ARG"]
[Date "2005.08.06"]
[Round "1"]
[White "Lida Garcia,F"]
[Black "De Dovitiis,A"]
[Result "0-1"]
[WhiteElo "2066"]
[BlackElo "2345"]
[EventDate "2005.08.06"]

1. b4 e5 2. Bb2 f6 3. e4 Nc6 4. a3 d5 5. exd5 Qxd5 6. Nc3 Qf7 7. Bb5 Bd7 8.
Nf3 O-O-O 9. Bxc6 Bxc6 10. b5 Bd7 11. d3 Ne7 12. Qe2 Ng6 13. g3 h5 14. Qe3
Kb8 15. O-O-O Bg4 16. Rde1 Ne7 17. Kb1 Nd5 18. Qe4 Nxc3+ 19. Bxc3 Bxa3 20.
Nd2 Bc5 21. Nb3 Bxf2 22. Ref1 Bb6 23. Bxe5 Rhe8 24. Qf4 Be2 25. Bxf6 gxf6
26. Qxf6 Qd5 27. Re1 Bxd3 0-1

[Event "American Continental"]
[Site "Buenos Aires ARG"]
[Date "2005.08.06"]
[Round "1"]
[White "Bronstein,L"]
[Black "Elias,L"]
[Result "1-0"]
[WhiteElo "2342"]
[BlackElo "2061"]
[EventDate "2005.08.06"]

1. e4 c5 2. Nf3 e6 3. Nc3 Nc6 4. Bb5 a6 5. Bxc6 bxc6 6. O-O d5 7. Re1 Rb8
8. b3 Nf6 9. d3 Qc7 10. Bg5 Bb7 11. Qd2 Nd7 12. Bf4 Bd6 13. Bxd6 Qxd6 14.
Na4 O-O 15. e5 Qe7 16. c4 f6 17. Re2 fxe5 18. Nxe5 Nxe5 19. Rxe5 Rf6 20.
Qe3 Rbf8 21. f3 Rh6 22. Re1 Qh4 23. h3 Rff6 24. Nxc5 Bc8 25. Qf2 Qf4 26.
cxd5 exd5 27. Re8+ Rf8 28. Qe3 Qf7 29. Rxf8+ Kxf8 30. Qe5 Rg6 31. Qb8 Qf5
32. Re5 Qxh3 33. Ne6+ Kf7 34. Ng5+ Rxg5 35. Rxg5 Qd7 36. Qe5 g6 37. Qf4+
Kg8 38. Qf6 Qa7+ 39. d4 Bd7 40. Re5 Qxd4+ 41. Kh2 c5 42. Qd8+ 1-0

[Event "American Continental"]
[Site "Buenos Aires ARG"]
[Date "2005.08.06"]
[Round "1"]
[White "Evans,P"]
[Black "Fierro Baquero,M"]
[Result "0-1"]
[WhiteElo "2058"]
[BlackElo "2340"]
[EventDate "2005.08.06"]

1. e4 d5 2. exd5 Qxd5 3. Qf3 Nf6 4. Nc3 Qa5 5. h3 Nc6 6. Bb5 Bd7 7. Nge2
O-O-O 8. O-O Nb4 9. Nd4 Qb6 10. a3 e5 11. axb4 exd4 12. Ra6 Bg4 13. hxg4
bxa6 14. Qa8+ Qb8 15. Bxa6+ Kd7 16. Bb5+ Qxb5 17. Qxd8+ Kxd8 18. Nxb5 d3
19. cxd3 Bxb4 20. Nxa7 Kd7 21. g5 Nd5 22. Nb5 Nf4 23. b3 Rb8 24. Nd4 Bc5
25. Nc2 Rxb3 26. d4 Bd6 27. g3 Nd3 28. Kg2 Ke6 29. Rh1 Rb1 30. Ba3 Rxh1 31.
Kxh1 Bxa3 32. Nxa3 Nxf2+ 33. Kg2 Ne4 34. Nc4 Kd5 35. Ne5 Nxg5 36. Kf2 c5
37. Ng4 Kxd4 0-1

[Event "American Continental"]
[Site "Buenos Aires ARG"]
[Date "2005.08.06"]
[Round "1"]
[White "Cuevas,A"]
[Black "Contreras,H"]
[Result "1/2-1/2"]
[WhiteElo "2017"]
[BlackElo "2328"]
[EventDate "2005.08.06"]

1. c4 e5 2. Nc3 Nf6 3. g3 d5 4. cxd5 Nxd5 5. Bg2 Nb6 6. d3 Nc6 7. Nf3 Be7
8. O-O g5 9. a4 g4 10. Nd2 a5 11. Nc4 f6 12. Nxb6 cxb6 13. Be3 Be6 14. Nb5
O-O 15. d4 Bc4 16. Rc1 Bxb5 17. axb5 Nxd4 18. Bxd4 exd4 19. Qb3+ Kg7 20.
Qe6 f5 21. Rfd1 Bc5 22. e3 Rf6 23. Qe5 Qd6 24. exd4 Qxe5 25. dxe5 Re6 26.
Rd5 Rae8 27. Re1 Bd6 28. b3 Bxe5 29. Rd7+ R8e7 30. Rxb7 Kf6 31. Rxe7 Rxe7
32. Bc6 h5 33. f3 gxf3 34. Bxf3 h4 35. gxh4 Bxh2+ 36. Kf1 Rxe1+ 37. Kxe1
Ke5 38. Ke2 Kd4 39. Bh5 Kc3 40. Bf7 Be5 41. Kf3 Kb4 42. h5 Kxb5 43. h6 Kc5
44. Bg6 Kb4 45. Bf7 Kc5 46. Bg6 f4 47. h7 1/2-1/2

[Event "American Continental"]
[Site "Buenos Aires ARG"]
[Date "2005.08.06"]
[Round "1"]
[White "Perez Wertheim,R"]
[Black "Avalos,J"]
[Result "1/2-1/2"]
[WhiteElo "1999"]
[BlackElo "2323"]
[EventDate "2005.08.06"]

1. d4 Nf6 2. Nf3 e6 3. Bf4 c5 4. e3 Qb6 5. Nc3 cxd4 6. Nb5 Nd5 7. Qxd4 Qxd4
8. Nfxd4 Bb4+ 9. c3 Ba5 10. Nb3 Bb6 11. Bd6 a6 12. c4 Nf6 13. Nc3 Bd8 14.
Na4 Ne4 15. Ba3 b6 16. Rc1 d6 17. f3 Nc5 18. Nbxc5 bxc5 19. b4 Bd7 20. Nc3
cxb4 21. Bxb4 Be7 22. Ne4 d5 23. Nd6+ Kf8 24. cxd5 exd5 25. Rc7 h5 26. Bc5
Rh6 27. Nb7 Rc6 28. Rxc6 Nxc6 29. Kd2 Rb8 30. Bxa6 Ra8 31. Bxe7+ Kxe7 32.
Nc5 Nb8 33. Nxd7 Nxd7 34. Bb7 Rxa2+ 35. Kc3 Rxg2 36. Bxd5 Rf2 37. h3 h4 38.
f4 Nf6 39. Bb7 Nh5 40. Rg1 Rh2 41. Rg5 g6 42. Bc8 Ng3 43. Kd3 Kd8 44. Rc5
f5 45. Bb7 Rxh3 46. Rc6 Nh5 47. Ke2 Rg3 48. Rc1 Rg4 49. Bf3 Rg3 50. Rh1 Rg4
51. Rd1+ Ke7 52. Bxg4 fxg4 53. Kf2 h3 54. Rg1 Nf6 55. Kg3 Ke6 56. Ra1 Kf5
57. Ra5+ Ke4 58. Re5+ Kd3 59. f5 gxf5 60. Rxf5 Ne4+ 61. Kxg4 h2 62. Rf1
1/2-1/2

[Event "American Continental"]
[Site "Buenos Aires ARG"]
[Date "2005.08.07"]
[Round "2"]
[White "Felgaer,R"]
[Black "Alzate,D"]
[Result "1-0"]
[WhiteElo "2618"]
[BlackElo "2415"]
[EventDate "2005.08.06"]

1. e4 c5 2. Nf3 d6 3. d4 cxd4 4. Nxd4 Nf6 5. Nc3 a6 6. Be2 e5 7. Nb3 Be7 8.
Bg5 Be6 9. Bxf6 Bxf6 10. Qd3 Nc6 11. O-O-O Nd4 12. Nxd4 exd4 13. Nd5 Bxd5
14. exd5 O-O 15. Qf3 d3 16. Bxd3 Be5 17. Rhe1 f5 18. c3 b5 19. Kb1 g6 20.
Qe3 Rb8 21. f4 Bg7 22. Qa7 b4 23. Re7 Bf6 24. Rd7 Qe8 25. c4 b3 26. a3 Bd4
27. Qc7 Rc8 28. Qxd6 Bc5 29. Qe6+ Qxe6 30. dxe6 Rfe8 31. Rb7 Rb8 32. Rxb8
Rxb8 33. Be2 Rb6 34. Bf3 Kf8 35. Rd8+ Ke7 36. Rd7+ Kxe6 37. Rxh7 Be3 38. g3
Kd6 39. Bd5 Kc5 40. Re7 Kd4 41. Bf7 Kd3 42. Rd7+ Ke2 43. Re7 Kd3 44. Rc7 a5
45. c5 Rb5 46. Bxg6 Ke4 47. Re7+ Kf3 48. Re5 Rb8 49. c6 Rh8 50. h4 Rd8 51.
Bh5+ Kf2 52. Re8 Rd2 53. c7 1-0

[Event "American Continental"]
[Site "Buenos Aires ARG"]
[Date "2005.08.07"]
[Round "2"]
[White "Zambrana,O"]
[Black "Milos,G"]
[Result "0-1"]
[WhiteElo "2421"]
[BlackElo "2606"]
[EventDate "2005.08.06"]

1. e4 c5 2. Nf3 Nc6 3. d4 cxd4 4. Nxd4 Nf6 5. Nc3 d6 6. Bg5 e6 7. Qd2 a6 8.
O-O-O Bd7 9. f3 Be7 10. h4 h6 11. Be3 h5 12. Bg5 Qc7 13. Kb1 Ne5 14. Bd3 b5
15. Rhe1 b4 16. Nce2 a5 17. f4 Neg4 18. Ng3 Rb8 19. Qe2 g6 20. Bb5 Bxb5 21.
Nxb5 Qb6 22. c4 bxc3 23. Nxc3 O-O 24. e5 dxe5 25. fxe5 Bb4 26. Rc1 Bxc3 27.
Rxc3 Nd5 28. Rc2 Rfc8 29. Ne4 Rxc2 30. Qxc2 Nb4 31. Qc3 Nd3 32. Re2 Ndxe5
33. Bf4 Qa6 34. Ng3 Rc8 35. Qd4 Nc6 36. Qd1 Nb4 37. a3 Nd3 38. Bd2 Qb5 39.
Bxa5 Rc1+ 0-1

[Event "American Continental"]
[Site "Buenos Aires ARG"]
[Date "2005.08.07"]
[Round "2"]
[White "Needleman,A"]
[Black "Spraggett,K"]
[Result "0-1"]
[WhiteElo "2394"]
[BlackElo "2592"]
[EventDate "2005.08.06"]

1. Nf3 Nf6 2. c4 c5 3. g3 b6 4. Bg2 Bb7 5. O-O e6 6. Nc3 Be7 7. d4 cxd4 8.
Qxd4 O-O 9. Rd1 Nc6 10. Qf4 d6 11. b3 Qb8 12. Bb2 Rd8 13. Rd2 h6 14. Rad1
Ne8 15. h4 a6 16. g4 Ne5 17. Ne4 Ng6 18. Qe3 e5 19. g5 hxg5 20. hxg5 Nf4
21. Nxd6 Nxg2 22. Kxg2 Rxd6 23. Bxe5 Re6 24. Bxb8 Rxe3 25. fxe3 Rxb8 26.
Kf2 Bc8 27. Rd8 Bxd8 28. Rxd8 Kf8 29. Ne5 Ra8 30. b4 f6 31. gxf6 gxf6 32.
Nd7+ Ke7 33. Nxb6 Kxd8 34. Nxa8 Be6 35. Nb6 Kc7 36. Na4 Bxc4 37. Nc5 Bxa2
38. Nxa6+ Kd6 39. Kf3 Bc4 40. Nc5 Nc7 41. e4 Ne6 42. Nd3 Nd4+ 43. Kg3 Ne6
44. Kf3 Bb5 45. Ke3 Bc6 46. Nb2 Ng5 47. Nc4+ Ke6 48. Nd2 Bb5 49. Nb3 Kd6
50. Nc5 Nf7 51. Nd3 Ne5 52. Nc5 Nc6 53. Nd3 Ne5 54. Nc5 Be8 55. Kf4 Bh5 56.
Kf5 Ke7 57. Nd3 Bg6+ 58. Kf4 Kd6 59. Nc5 Be8 60. Kf5 Ke7 61. Nd3 Bd7+ 62.
Kf4 Kd6 63. Nc5 Bg4 64. Ke3 Nc4+ 65. Kd3 Na3 66. Na4 Bd7 67. Nc5 Bb5+ 68.
Kd2 Ke5 69. e3 Nc4+ 70. Ke2 Nd6+ 71. Kf3 Nxe4 72. Nb3 Nd6 73. Nd4 Be8 74.
Kg4 Ke4 0-1

[Event "American Continental"]
[Site "Buenos Aires ARG"]
[Date "2005.08.07"]
[Round "2"]
[White "Shabalov,A"]
[Black "Labollita,M"]
[Result "1-0"]
[WhiteElo "2593"]
[BlackElo "2383"]
[EventDate "2005.08.06"]

1. e4 c6 2. d4 d5 3. e5 Bf5 4. f4 e6 5. Nf3 Nd7 6. Be3 h5 7. Be2 Nh6 8.
Nbd2 Be7 9. h3 h4 10. O-O Bg6 11. Bf2 Nf5 12. b3 Ba3 13. Bd3 Qa5 14. Bxf5
Bxf5 15. Nxh4 Bh7 16. Ndf3 Qc3 17. f5 Bxf5 18. Nxf5 exf5 19. Qe2 Qb4 20. e6
Nf8 21. Ng5 f6 22. Nf7 Rh7 23. c4 Ke7 24. c5 g6 25. Rad1 Nxe6 26. Ng5 fxg5
27. Rfe1 Kf8 28. Qxe6 Rg7 29. Qf6+ Kg8 30. Qxg5 Rf8 31. Bg3 f4 32. Bxf4 Bb2
33. Be5 Rf5 34. Qg4 Bc3 35. Re2 Rxe5 36. Rxe5 1-0

[Event "American Continental"]
[Site "Buenos Aires ARG"]
[Date "2005.08.08"]
[Round "3"]
[White "Milos,G"]
[Black "Arencibia,W"]
[Result "1-0"]
[WhiteElo "2606"]
[BlackElo "2527"]
[EventDate "2005.08.06"]

1. e4 e5 2. Nf3 Nf6 3. Nxe5 d6 4. Nf3 Nxe4 5. d4 d5 6. Bd3 Bd6 7. O-O O-O
8. Re1 Bf5 9. Nc3 Nxc3 10. bxc3 Bxd3 11. Qxd3 Nc6 12. Ng5 g6 13. Qh3 h5 14.
Bd2 Qf6 15. Nf3 Bf4 16. Bxf4 Qxf4 17. Re3 Rae8 18. Rae1 Re4 19. g3 Qd6 20.
Rxe4 dxe4 21. Rxe4 Qd5 22. Re3 Qxa2 23. Qd7 Qxc2 24. Qxc7 Nb4 25. Qc4 a5
26. Kg2 Qa2 27. Qc5 b6 28. Qg5 Nd5 29. Re5 Nxc3 30. Qh6 Nd5 31. Ng5 Nf6 32.
Ne6 Qxe6 33. Rxe6 fxe6 34. Qxg6+ Kh8 35. Qh6+ Kg8 36. Qg6+ Kh8 37. Qb1 Nd5
38. Qd1 Kg7 39. Qxh5 a4 40. Qg4+ Kf6 41. h4 Ke7 42. Qg7+ Rf7 43. Qh8 Rf8
44. Qh7+ Rf7 45. Qc2 b5 46. Qc5+ Kf6 47. Qxb5 Ra7 48. Qb8 1-0

[Event "American Continental"]
[Site "Buenos Aires ARG"]
[Date "2005.08.08"]
[Round "3"]
[White "Spraggett,K"]
[Black "Pierrot,F"]
[Result "1/2-1/2"]
[WhiteElo "2592"]
[BlackElo "2449"]
[EventDate "2005.08.06"]

1. c4 c5 2. g3 g6 3. Bg2 Bg7 4. e3 Nc6 5. Ne2 e5 6. Nbc3 Nge7 7. a3 O-O 8.
Rb1 a5 9. d3 d6 10. O-O Rb8 11. Bd2 Be6 12. e4 h6 13. Nb5 f5 14. exf5 gxf5
15. Nec3 Nd4 16. Nxd4 cxd4 17. Nb5 d5 18. b3 b6 19. a4 Qd7 20. Rc1 Rbc8 21.
Re1 dxc4 22. bxc4 f4 23. Be4 Bf5 24. gxf4 Ng6 25. Qh5 exf4 26. Kh1 Ne5 27.
Bxf5 Rxf5 28. Qh3 Qc6+ 29. Re4 Rf7 30. Rce1 Rd8 31. Kg1 Qg6+ 32. Kh1 Qc6
33. Kg1 Qg6+ 34. Kh1 Qc6 1/2-1/2

[Event "American Continental"]
[Site "Buenos Aires ARG"]
[Date "2005.08.08"]
[Round "3"]
[White "Vasquez,R"]
[Black "Claverie,R"]
[Result "1/2-1/2"]
[WhiteElo "2558"]
[BlackElo "2388"]
[EventDate "2005.08.06"]

1. d4 e6 2. c4 f5 3. g3 Nf6 4. Bg2 c6 5. Nf3 d5 6. O-O Bd6 7. Qc2 O-O 8.
Bf4 Bxf4 9. gxf4 Ne4 10. e3 Rf6 11. Ne5 Rh6 12. f3 Nd6 13. Rf2 Qh4 14. Bf1
Nd7 15. Nc3 Nf6 16. Rg2 dxc4 17. Bxc4 Nd5 18. Bxd5 exd5 19. Kh1 Qe7 20.
Rag1 g6 21. b3 Be6 22. Qf2 Nf7 23. Ne2 Rc8 24. Rc1 Qa3 25. Rc2 a5 26. Qe1
Ra8 27. Nxf7 Bxf7 28. Nc1 a4 29. Rc3 Rh3 30. Nd3 Rxf3 31. Re2 c5 32. Nxc5
Rh3 33. Kg2 Rh6 34. bxa4 Qb4 35. Rb3 Qxe1 36. Rxe1 g5 37. Rxb7 Re8 38. fxg5
Rh5 39. Nd7 Rxg5+ 40. Kf2 Rc8 41. Rb8 Rxb8 42. Nxb8 Rh5 43. Kg1 Rg5+ 44.
Kf1 Rh5 45. Re2 Be8 46. Rg2+ Kf7 47. a5 Rh3 48. Ke2 f4 49. exf4 Ra3 50. a6
Bb5+ 51. Kf2 Bxa6 52. Nxa6 Rxa2+ 53. Kf3 Rxa6 54. Rg5 Ke6 55. Re5+ Kd6 56.
f5 Ra4 57. f6 Ra1 58. Rf5 Ke6 59. Kg4 Rg1+ 60. Kh5 Kf7 61. Rxd5 Kxf6 62.
Rd7 Rg5+ 63. Kh4 Rg2 64. h3 Rd2 65. Kh5 Ra2 66. h4 Rd2 67. Kh6 Ke6 68. Rd8
Ke7 69. Rd5 Ke6 70. Re5+ Kf6 71. Re4 Kf5 72. Re7 Rxd4 73. h5 Kf6 74. Rxh7
Rd8 1/2-1/2

[Event "American Continental"]
[Site "Buenos Aires ARG"]
[Date "2005.08.08"]
[Round "3"]
[White "Shulman,Y"]
[Black "Uribe,M"]
[Result "1-0"]
[WhiteElo "2550"]
[BlackElo "2373"]
[EventDate "2005.08.06"]

1. d4 e6 2. c4 Nf6 3. Nc3 Bb4 4. e3 b6 5. Nge2 Ne4 6. Bd2 Nxd2 7. Qxd2 Bb7
8. a3 Be7 9. d5 O-O 10. g3 d6 11. Bg2 Nd7 12. O-O e5 13. f4 a5 14. Qc2 Bf6
15. Ne4 Nc5 16. N2c3 exf4 17. gxf4 Re8 18. Rae1 Nxe4 19. Nxe4 Bh4 20. Ng3
Qf6 21. e4 Qd4+ 22. Kh1 Bxg3 23. hxg3 Ba6 24. Rc1 Re7 25. e5 Rae8 26. b4 b5
27. c5 axb4 28. cxd6 cxd6 29. exd6 b3 30. Qc6 Re2 31. d7 Rd8 32. Qxa6 Rxg2
33. Qc8 1-0

[Event "American Continental"]
[Site "Buenos Aires ARG"]
[Date "2005.08.08"]
[Round "3"]
[White "Amura,C"]
[Black "Gonzalez Zamora,J"]
[Result "1-0"]
[WhiteElo "2372"]
[BlackElo "2546"]
[EventDate "2005.08.06"]

1. d4 g6 2. Nc3 Bg7 3. e4 d6 4. Bc4 c6 5. Qf3 e6 6. Nge2 Ne7 7. h4 h6 8.
Bf4 b5 9. Bb3 a5 10. a4 b4 11. Nb1 Ba6 12. Nd2 d5 13. c4 O-O 14. h5 f5 15.
exd5 g5 16. d6 Nc8 17. c5 Bxe2 18. Qxe2 gxf4 19. Qxe6+ Kh8 20. O-O-O Rf6
21. Qc4 Nd7 22. Nf3 Nxd6 23. cxd6 Rxd6 24. Nh4 Qg5 25. Ng6+ Kh7 26. Kb1 Rd8
27. Rhe1 Rf6 28. Re7 Nb6 29. Qc5 Nd5 30. Bxd5 cxd5 31. Qc7 Rg8 32. Nxf4 b3
33. Rde1 Kh8 34. Re8 Rxe8 35. Rxe8+ Kh7 36. Re7 Qg4 37. f3 Qg3 38. Nxd5 Rd6
39. Nf6+ 1-0

[Event "American Continental"]
[Site "Buenos Aires ARG"]
[Date "2005.08.08"]
[Round "3"]
[White "Nogueiras,J"]
[Black "Blanco Fernandez,A"]
[Result "1-0"]
[WhiteElo "2541"]
[BlackElo "2367"]
[EventDate "2005.08.06"]

1. c4 e6 2. Nf3 d5 3. e3 Nf6 4. b3 Be7 5. Bb2 O-O 6. d4 a5 7. a3 b6 8. Nbd2
Bb7 9. cxd5 exd5 10. Bb5 c6 11. Bd3 Nbd7 12. O-O Bd6 13. Ne5 Re8 14. f4 Nf8
15. Rf3 Rc8 16. Rg3 Rc7 17. Qe2 Qe7 18. Ndf3 h6 19. Nh4 Bc8 20. Nf5 Bxf5
21. Bxf5 N8h7 22. Rf3 Nf8 23. Rff1 N6d7 24. Rfe1 Nb8 25. g3 Nfd7 26. Bd3
Nf6 27. Rec1 Nbd7 28. Re1 Nf8 29. Kg2 N8d7 30. Bf5 Nf8 31. Qf3 N6d7 32. a4
Nf6 33. Bd3 Ne4 34. Rec1 Bb4 35. Bxe4 dxe4 36. Qg4 Qe6 37. Qxe6 Rxe6 38.
Ra2 f6 39. f5 Re8 40. Nc4 b5 41. Na3 Rb7 42. axb5 cxb5 43. Raa1 1-0

[Event "American Continental"]
[Site "Buenos Aires ARG"]
[Date "2005.08.08"]
[Round "3"]
[White "Mieles Palau,D"]
[Black "Lawson,E"]
[Result "1/2-1/2"]
[WhiteElo "2476"]
[BlackElo "2367"]
[EventDate "2005.08.06"]

1. e4 c5 2. Nf3 Nc6 3. d4 cxd4 4. Nxd4 Nf6 5. Nc3 e5 6. Ndb5 d6 7. Bg5 a6
8. Na3 b5 9. Bxf6 gxf6 10. Nd5 Bg7 11. c3 f5 12. exf5 Bxf5 13. Nc2 Be6 14.
Nce3 Ne7 15. g3 Nxd5 16. Nxd5 O-O 17. Bg2 a5 18. O-O f5 19. Qd2 Rb8 20.
Rad1 Kh8 21. f4 e4 22. a3 Qd7 23. Kh1 Rfc8 24. g4 Rc5 25. Ne3 d5 26. gxf5
Bxf5 27. Qf2 Rbc8 28. b4 Rxc3 29. Rxd5 Qa7 30. Nxf5 Qxf2 31. Rxf2 e3 32.
Nxe3 Rxe3 33. bxa5 Rxa3 34. Rxb5 Bc3 35. Bd5 Rxa5 36. Rxa5 Bxa5 37. f5 Rc1+
38. Kg2 Rd1 39. Be6 Rd2 40. Rxd2 Bxd2 1/2-1/2

[Event "American Continental"]
[Site "Buenos Aires ARG"]
[Date "2005.08.08"]
[Round "3"]
[White "Milman,L"]
[Black "Echavarria,J"]
[Result "1-0"]
[WhiteElo "2459"]
[BlackElo "2362"]
[EventDate "2005.08.06"]

1. e4 c5 2. Nf3 e6 3. d4 cxd4 4. Nxd4 Nf6 5. Nc3 Nc6 6. Ndb5 d6 7. Bf4 e5
8. Bg5 a6 9. Na3 b5 10. Bxf6 gxf6 11. Nd5 f5 12. Bd3 Be6 13. O-O Bxd5 14.
exd5 Ne7 15. Nxb5 Bg7 16. Nc3 e4 17. Bc4 Ng6 18. Qh5 Bxc3 19. bxc3 Qf6 20.
Qh6 Qxc3 21. Bb3 f4 22. Rfe1 Qe5 23. c4 Rc8 24. Rab1 Ke7 25. Qh3 f5 26. Ba4
Rxc4 27. Rb7+ Kf6 28. Qh6 Qc3 29. Rd1 Rc7 30. Rxc7 Qxc7 31. h4 Qg7 32. Qg5+
Ke5 33. g3 Qf6 34. Qh6 fxg3 35. fxg3 f4 36. Bd7 e3 37. Qh5+ Ke4 38. Qe2 Qc3
39. Qg2+ f3 40. Qh3 f2+ 41. Kh2 Qf6 42. Qg4+ Nf4 43. Rb1 1-0

[Event "American Continental"]
[Site "Buenos Aires ARG"]
[Date "2005.08.08"]
[Round "3"]
[White "Toloza,P"]
[Black "Alonso,S"]
[Result "0-1"]
[WhiteElo "2349"]
[BlackElo "2457"]
[EventDate "2005.08.06"]

1. d4 d5 2. c4 c6 3. Nc3 Nf6 4. e3 a6 5. Nf3 b5 6. b3 Bg4 7. Be2 e6 8. O-O
Nbd7 9. Bd2 Bd6 10. Qc2 Bf5 11. Bd3 Bxd3 12. Qxd3 O-O 13. e4 dxc4 14. bxc4
e5 15. Bg5 exd4 16. Qxd4 Bc5 17. Qd3 Qe7 18. Bxf6 Nxf6 19. e5 Nd7 20. Qe4
Rfc8 21. Rad1 Nf8 22. Ne2 Ng6 23. Ng3 Qe6 24. Nf5 Re8 25. cxb5 cxb5 26. Rd5
Rac8 27. Ng5 Qc6 28. Qd3 h6 29. Nh3 Rxe5 30. Rd7 Rce8 31. g3 Re1 32. Ne3
Rxf1+ 33. Nxf1 Ne5 0-1

[Event "American Continental"]
[Site "Buenos Aires ARG"]
[Date "2005.08.08"]
[Round "3"]
[White "Sosa Harrison,J"]
[Black "Mosquera,M"]
[Result "1/2-1/2"]
[WhiteElo "2346"]
[BlackElo "2442"]
[EventDate "2005.08.06"]

1. Nf3 d5 2. d4 c6 3. Bf4 Nf6 4. e3 Qb6 5. b3 Bf5 6. Bd3 Bxd3 7. Qxd3 e6 8.
Nbd2 c5 9. O-O Nc6 10. c3 cxd4 11. exd4 Be7 12. Ne5 O-O 13. Rfe1 Rac8 14.
Bg5 Nxe5 15. Rxe5 Qc7 16. Bxf6 Bxf6 17. Re3 e5 18. dxe5 Bxe5 19. Rh3 g6 20.
Rc1 Rfd8 21. Nf1 Qa5 22. Rc2 d4 23. c4 b5 24. Rf3 bxc4 25. bxc4 Qb4 26. g3
a5 27. h4 Re8 28. h5 Bg7 29. Rf4 Re1 30. Kg2 a4 31. Nd2 Qb7+ 32. Qf3 Qxf3+
33. Rxf3 gxh5 34. Rd3 Re6 35. Nf3 Rd6 36. c5 Rd5 37. c6 Rd6 38. Rc4 Rcxc6
39. Rxa4 Ra6 40. Rb4 Bf6 41. a4 Rd5 42. Rb5 Rad6 43. Nd2 Kg7 44. Nc4 Rd8
45. Kf3 h4 46. gxh4 Bxh4 47. Rxd5 Rxd5 48. a5 Rd8 49. a6 Be7 50. Na5 Rd6
51. a7 Ra6 52. Nc6 Bc5 53. Rd1 Bxa7 54. Nxa7 Rxa7 55. Rxd4 Kg6 56. Rb4 Ra5
57. Rb6+ f6 58. Rb8 Rg5 59. Rb7 h5 60. Rb4 Rc5 61. Kg3 Kg5 62. Ra4 Rc1 63.
Kg2 Rc3 64. Ra5+ f5 65. Ra8 h4 66. Rg8+ Kf4 67. Rh8 Kg5 68. Rg8+ Kf6 69.
Rh8 Rc4 70. Rf8+ Kg6 71. Rg8+ Kf7 72. Ra8 Rg4+ 73. Kh3 Kf6 74. Rf8+ Ke5 75.
Rh8 Rf4 76. Rxh4 Rxf2 77. Kg3 Rb2 78. Ra4 Rb3+ 79. Kf2 Kf6 80. Rc4 Kg5
1/2-1/2

[Event "American Continental"]
[Site "Buenos Aires ARG"]
[Date "2005.08.08"]
[Round "3"]
[White "Rojas,L"]
[Black "Luconi,C"]
[Result "1-0"]
[WhiteElo "2437"]
[BlackElo "2258"]
[EventDate "2005.08.06"]

1. e4 c6 2. d4 d5 3. Nd2 dxe4 4. Nxe4 Nd7 5. Ng5 Ndf6 6. Bc4 e6 7. Ne2 h6
8. Nf3 Bd6 9. O-O Qc7 10. Bb3 Ne7 11. c4 b6 12. Qc2 c5 13. dxc5 bxc5 14.
Ba4+ Kf8 15. Rd1 Ng6 16. Nc3 a6 17. Qd3 Ke7 18. Qe2 Kf8 19. Bc2 Ne7 20. Qd2
Ne8 21. Ne4 Nf5 22. Nxd6 Nfxd6 23. Qf4 g5 24. Qe5 f6 25. Qe2 e5 26. b3 Bb7
27. Ba3 Qa5 28. Nxe5 fxe5 29. Qxe5 Nf7 30. Bxc5+ Kg8 31. Qe7 1-0

[Event "American Continental"]
[Site "Buenos Aires ARG"]
[Date "2005.08.08"]
[Round "3"]
[White "Leitao,R"]
[Black "D'Arruda,R"]
[Result "1-0"]
[WhiteElo "2598"]
[BlackElo "2320"]
[EventDate "2005.08.06"]

1. e4 c5 2. Nf3 Nc6 3. Bb5 Qb6 4. Bxc6 Qxc6 5. O-O a6 6. d4 cxd4 7. Nxd4
Qc7 8. Nc3 e6 9. Re1 d6 10. Bg5 Be7 11. Bxe7 Nxe7 12. Qd2 O-O 13. Rad1 Rd8
14. Nf3 b5 15. e5 d5 16. Ne2 d4 17. Nexd4 Bb7 18. Qf4 Rd7 19. c3 Rad8 20.
Rc1 h6 21. h4 Qb6 22. a3 a5 23. Nd2 Rxd4 24. cxd4 Rxd4 25. Ne4 Ng6 26. Qf3
Nxe5 27. Qg3 Ng6 28. Nc5 Bd5 29. h5 Nh4 30. f3 Bc4 31. b4 axb4 32. axb4 Bd5
33. Qf2 Rxb4 34. Nd3 Qxf2+ 35. Kxf2 Rb3 36. Ne5 Rb2+ 37. Kg3 Nxg2 38. Rc8+
Kh7 39. Rg1 Ne3 40. Kh3 g5 41. hxg6+ fxg6 42. Rc7+ 1-0

[Event "American Continental"]
[Site "Buenos Aires ARG"]
[Date "2005.08.08"]
[Round "3"]
[White "Kudrin,S"]
[Black "Tovillas,D"]
[Result "1-0"]
[WhiteElo "2559"]
[BlackElo "2310"]
[EventDate "2005.08.06"]

1. e4 c5 2. Nf3 Nc6 3. d4 cxd4 4. Nxd4 Nf6 5. Nc3 e5 6. Ndb5 d6 7. Bg5 a6
8. Na3 b5 9. Bxf6 gxf6 10. Nd5 f5 11. c3 Bg7 12. exf5 Bxf5 13. Nc2 O-O 14.
a4 Bxc2 15. Qxc2 b4 16. Bd3 h6 17. O-O bxc3 18. bxc3 Ne7 19. Be4 Nxd5 20.
Bxd5 Ra7 21. Rab1 Kh8 22. Qf5 Qg5 23. Qxg5 hxg5 24. Rb6 Rc8 25. c4 Bf8 26.
g4 Kg7 27. Rfb1 Kf6 28. R1b3 Rc5 29. Rb8 Kg7 30. R3b7 Rc7 31. Rxc7 Rxc7 32.
Ra8 Be7 33. Rxa6 1-0

[Event "American Continental"]
[Site "Buenos Aires ARG"]
[Date "2005.08.08"]
[Round "3"]
[White "Hobaica,J"]
[Black "Ricardi,P"]
[Result "1-0"]
[WhiteElo "2317"]
[BlackElo "2551"]
[EventDate "2005.08.06"]

1. c4 Nf6 2. Nc3 e6 3. Nf3 d5 4. e3 Be7 5. d4 O-O 6. Be2 dxc4 7. Bxc4 a6 8.
e4 c5 9. dxc5 Qxd1+ 10. Kxd1 Bxc5 11. Ke2 Nc6 12. Be3 Bxe3 13. Kxe3 b5 14.
Bd3 Rd8 15. Rhd1 Bb7 16. Rac1 Kf8 17. h3 Nd7 18. a3 Rac8 19. b4 Nde5 20.
Be2 Rxd1 21. Nxd1 Nxf3 22. Bxf3 e5 23. Bg4 Rd8 24. Nb2 g6 25. Nd3 h5 26.
Nc5 Ba8 27. Be2 Nd4 28. f3 Bc6 29. Nxa6 Ra8 30. Rxc6 Nxc6 31. Bxb5 Ke7 32.
a4 Kd6 33. Kd2 f5 34. Kc3 fxe4 35. fxe4 Rf8 36. Bxc6 Kxc6 37. b5+ Kd6 38.
a5 Rf1 39. b6 Kc6 40. Nb4+ Kb7 41. Kc4 h4 42. Kb5 Rb1 43. a6+ Kc8 44. Kc5
Rc1+ 45. Kd6 Rd1+ 46. Kxe5 Rb1 47. Nd5 Ra1 48. Ne7+ Kd7 49. b7 1-0

[Event "American Continental"]
[Site "Buenos Aires ARG"]
[Date "2005.08.08"]
[Round "3"]
[White "Bielicki,C"]
[Black "Quezada,Y"]
[Result "1/2-1/2"]
[WhiteElo "2307"]
[BlackElo "2522"]
[EventDate "2005.08.06"]

1. Nf3 Nf6 2. c4 b6 3. g3 Bb7 4. Bg2 e6 5. O-O Be7 6. Nc3 O-O 7. d4 Ne4 8.
Nxe4 Bxe4 9. Ne1 Bxg2 10. Nxg2 d5 11. Qa4 Qd7 12. Qxd7 Nxd7 13. cxd5 exd5
14. Rd1 Rfe8 15. Bf4 c6 16. Rac1 Rac8 17. Rc2 Nf8 18. Kf1 Ne6 19. Be3 Red8
20. Rcd2 g5 21. g4 Rf8 22. Kg1 f5 23. f3 Bd6 24. Rc2 a5 25. gxf5 Rxf5 26.
Bf2 Rf6 27. Bg3 Nf4 28. Nxf4 gxf4 29. Bf2 Kf7 30. Kh1 Ke6 31. Rg1 Rg6 32.
Rxg6+ hxg6 33. Kg2 c5 34. a4 c4 35. Be1 Rb8 36. Bc3 b5 37. axb5 Rxb5 38.
Kf2 Bb4 39. Rc1 a4 40. Bxb4 Rxb4 41. Ra1 Rxb2 42. Rxa4 Rd2 43. Ra6+ Kd7 44.
Rxg6 Rxd4 45. Rg1 Rd2 46. Rc1 Ke6 47. Ke1 Ra2 48. h4 Kf6 49. h5 Ra4 50. Rb1
Ke5 51. h6 Ra6 52. h7 Rh6 53. Rb7 Kd4 54. Kd2 Rh2 55. Re7 Kc5 56. Rf7 Rh4
57. Kc3 d4+ 58. Kd2 Rh2 59. Rf5+ Kb4 60. Rxf4 d3 61. h8=Q Rxh8 62. exd3 Kc5
63. Rxc4+ Kd5 64. Re4 Rh1 65. d4 Ra1 66. Ke3 Ra3+ 67. Kf4 Ra8 68. Kg5 Rg8+
69. Kf4 Ra8 70. Kg3 Rg8+ 71. Kf4 1/2-1/2